00729cam a22002534a 450000100060000000300090000600500170001500800410003202000180007302000180009104000280010904200080013705000130014508200180015810000220017624500670019825000130026526000660027830000440034450000200038865000270040865000180043570000220045314761BD-DhUAP20201129110452.0201129r20092008nyua b 001 0 eng  a9780443102448 a9780443102455 aDLCcDLCdBD-DhUAPbeng apcc00aRM301.28 223a615.1 BEN aBennett, Peter N.00aClinical pharmacology /cPeter N. Bennett and Morris J. Brown. a10th ed. aEdinburgh : bChurchill Livingstone,cc2008 [Reprinted 2009]. ax, 694 pages :billustrations ;c25 cm. aIncludes index. 0aClinical pharmacology. 0aPharmacology. aBrown, Morris J.